| 000 | 00760nam a22002417a 4500 | ||
|---|---|---|---|
| 001 | 3804 | ||
| 003 | FISKH | ||
| 005 | 20240509142604.0 | ||
| 008 | 240509b cb ||||| |||| 00| 0 eng d | ||
| 020 | _a9780753464014 | ||
| 040 |
_aFISKH _beng _cFISKH _dFISKH |
||
| 050 | _aQL122.2 | ||
| 082 | _a551.46 | ||
| 100 | _aSavage, Steven | ||
| 245 |
_aOceans and seas / _cSteven Savage |
||
| 260 |
_aNew York : _bKingfisher ; _c2010. |
||
| 300 |
_a32 pages : _bcolor illustrations ; _c28 cm |
||
| 520 | _aHelps the reader to explore rock pools, coral reefs and shipwrecks plus to meet the fascinating creatures that live in the world's oceans and seas. | ||
| 650 |
_aExplorer _xOcean |
||
| 650 |
_aDiscover _xSeas |
||
| 942 |
_2ddc _cBK _n0 |
||
| 999 |
_c3804 _d3804 |
||